000 01107nam a22002417a 4500
005 20250613150055.0
008 250613b |||||||| |||| 00| 0 eng d
020 _a978-81-7702-185-0 (hbk)(Set)
037 _cREF
040 _aCRL
_cCRL
041 _2hin
_ahin
_hsan
084 _aQ1 152.1-.2
_qCRL
100 _aशास्त्री, रूप किशोर
245 _aवेदोपज्ञा निर्वचनविद्या
260 _aदिल्ली, भारत:
_bप्रतिभा प्रकाशन,
_c2008.
300 _aभाग 1 (xxiv, 1पृ.-342पृ.), भाग 2 (353पृ.-676पृ.)
440 _vभाग 1 - 2
546 _aTranslated from Sanskrit to Hindi
650 _aधर्म
650 _2वेद
942 _2CC
_cREF
_hQ1 152.1-.2
_n0
999 _c1431716
_d1431716